000 00492pab a2200193 454500
008 180718b2006 xxu||||| |||| 00| 0 eng d
100 _aRao, K.P.C.
245 _aMonitoring the agrarian change through household panels: VLS approach
260 _c2006
300 _ap.439-55.
362 _aDec
650 _aHouseholds
650 _aAgrarian structure
700 _aUma Devi, K.
700 _aCharyulu, D. Kumar
773 _aAsian Economic Review
908 _aN
909 _a73093
999 _c73093
_d73093